| 000 | 01521nam a22003257a 4500 | ||
|---|---|---|---|
| 005 | 2010091802302.0 | ||
| 008 | 100915t xxu||||| |||| 00| 0 hin d | ||
| 010 | _aHIN-92016 | ||
| 020 |
_c100.00 _a9788126319596 |
||
| 035 | _aHN-64362 | ||
| 037 | _bDBAD / PUB | ||
| 040 |
_aDPL _bHN |
||
| 082 | _aक | ||
| 100 | _920178 | ||
| 110 | _926418 | ||
| 245 |
_aलोकरँगी प्रेमकथाएँ / _cरविन्द्र कालिया द्वारा संपादित |
||
| 246 |
_aLokrangi prem-kathayen _bEdt by Ravindra kalia |
||
| 260 |
_aनई दिल्ली _bभारतीय ज्ञानपीठ _c2010 |
||
| 270 |
_a18, इन्स्टीट्यूशनल एरिया, लोदी रोड़ _bनई दिल्ली _e110003 _mjnanpith@satyam.net.in, sales@jnanpith.net |
||
| 300 |
_a163पृ. _c22सेमी (अजिल्द) |
||
| 490 |
_aलोकोदय ग्रन्थमाला:ग्रन्थाक 1043 रविन्द्र कालिया _927389 |
||
| 600 | _926453 | ||
| 650 |
_91159 _aलघु कथाएँ, हिन्दी |
||
| 650 |
_926117 _aHindi Fiction |
||
| 700 |
_920179 _aकालिया, रवीन्द्र |
||
| 700 |
_920333 _aकुणाल सिंह |
||
| 700 | _920540 | ||
| 942 |
_2ddc _cHN _mलोकरँ _hक |
||
| 999 |
_c50975 _d50975 |
||